Bomberil/T9-Foc | Preguntes rares - Statistics

General Stats
  • This quiz has been taken 0 times
  • The average score is 0 of 3
Answer Stats
Question Answer % Correct
Quin dels següents elements apareix coma producte principal d'una combustió de sofre incompleta? L'àcid sulfhídric
0%
De major a menor poder calorífic superior per unitat de massa, de quin forma es classificaran els quatre alcans més senzills? Metà, età, propà, butà
0%
El límit inferior d'inflamabilitat de l'alcohol metílic a l'aire és d'aproximadament 6,70% en volum. Això què significa? Que en 100 volums de mescla vapor de combustible-aire hi ha 6,70% d'alcohol metílic i 93,3% d'aire
0%
No matching quizzes found
Score Distribution
Percent of People with Each Score
Percentile by Number Answered
Your Score History
You have not taken this quiz